| 000 | 01202nam a2200253Ia 4500 | ||
|---|---|---|---|
| 999 |
_c39647 _d39647 |
||
| 001 | 6247 | ||
| 003 | GE_BSU | ||
| 005 | 20200214160441.0 | ||
| 008 | 181216s2012||||g |||||||||||||| ||geo|| | ||
| 020 | _a9789941431296 | ||
| 040 | _cGE_BSU | ||
| 041 | _ageo | ||
| 080 | _a821.133.1-31 დ-55 | ||
| 100 |
_aდიურასი, მარგერიტ _97090 |
||
| 245 |
_aსაყვარელი ჩრდილოეთ ჩინეთიდან : _bრომანი / _cმარგერიტ დიურასი ; თარგმნ. გიორგი ძნელაძემ ; მხატვ. ნიკა თეთრაშვილი. |
||
| 250 | _aპირველი ქართული გამოცემა | ||
| 264 |
_aთბილისი : _bელფის გამ-ბა, _c2012. |
||
| 300 |
_a204 გვ. ; _c23 სმ. |
||
| 653 | _aსაყვარელი ჩრდილოეთ ჩინეთიდან | ||
| 653 | _aრომანი | ||
| 700 |
_aძნელაძე, გიორგი _eთარგმნა _97091 |
||
| 700 |
_aთეთრაშვილი, ნიკა _eმხატვარი _97092 |
||
| 942 |
_cBK _2udc |
||